| 000 | 00846nac a22002171u 4500 | ||
|---|---|---|---|
| 010 | _a 2005033488 | ||
| 020 | _a9780813390451 (alk. paper) | ||
| 020 | _a0813390451 (alk. paper) | ||
| 082 | 0 | 0 |
_a720 _bR7421 |
| 090 |
_c3140 _d3140 |
||
| 100 | _aRoth, Leland M. | ||
| 245 | 1 | 0 |
_aUnderstanding architecture : _bits elements, history, and meaning / _cLeland M. Roth. |
| 260 |
_aBoulder, Colo. : _bWestview Press, _c2004. |
||
| 300 | _ap. cm. | ||
| 504 | _aIncludes bibliographical references and index. | ||
| 650 | 0 | _aArchitecture. | |
| 650 | 0 |
_aArchitecture _xHistory. |
|
| 856 | 4 | 1 |
_3Table of contents only _uhttp://www.loc.gov/catdir/toc/ecip063/2005033488.html |
| 942 |
_cBB _k720R7421 |
||
| 999 |
_c3140 _d3140 |
||